| 000 | 01099nam a2200241 i 4500 | ||
|---|---|---|---|
| 001 | 150769 | ||
| 003 | ES-MaACL | ||
| 005 | 20231229063045.0 | ||
| 007 | t| | ||
| 008 | 071108m20069999sp ||||0| spa d ..| | ||
| 015 | _aMON0702-11315 | ||
| 020 | _a84-8344-042-3 | ||
| 040 |
_aM-BN _bspa _cM-BN |
||
| 080 | _a821.134.2-92"18" | ||
| 100 | 1 |
_aRevilla, Manuel de la, _d1846-1881 _996432 |
|
| 245 | 1 | 0 |
_aObras completas / _cManuel de la Revilla ; estudio introductorio, edición y notas Fernando Hermida ... [et al.]. |
| 260 |
_aMadrid : _bUAM Ediciones, _c[2006] |
||
| 300 |
_av. <1-3> ; _c25 cm. |
||
| 505 | 8 | _aContiene: t. 1. Biografía, estudio introductorio, manuscritos -- t. 2. Artículos de: El Espíritu, El Museo Universal, Boletín Revista de la Universidad de Madrid, La República Ibérica, La Justicia Social, El Pueblo y Revista de España -- t. 3. Artículos de: La Ilustración Española y Americana, El Imparcial, La Crítica y Revista Europea | |
| 700 | 1 |
_aHermida de Blas, Fernando. _962756 |
|
| 852 |
_aES-MaACL _jP-1995 _bR.142260 |
||
| 999 |
_c150769 _d150769 |
||